El caballero de la armadura oxidada / (Registro nro. 10294)
[ vista simple ]
| 000 -LIDER | |
|---|---|
| fixed length control field | 00930nam a22002897a 4500 |
| 001 - NÚMERO DE CONTROL | |
| Identificador de número de control | 00008904 |
| 003 - IDENTIFICACDOR DE NÚMERO DE CONTROL | |
| control field | DO-SdBPM |
| 005 - DATE AND TIME OF LATEST TRANSACTION | |
| control field | 20250617085417.0 |
| 007 - CAMPOS FIJOS DE DESCRIPCIÓN FÍSICA | |
| fixed length control field | 00008904 |
| 008 - ELEMENTOS DE LONGITUD FIJA | |
| fixed length control field | 160607b2005 ag a |||| 00| 0 spa d |
| 020 ## - ISBN | |
| International Standard Book Number | 9788497772303 |
| 040 ## - FUENTE DE CATALOGACIÓN | |
| Agencia que crea de manera original el registro | DO-SdBPM |
| Idioma de catalogación | spa |
| Agencia que realiza la transcripción | BPMSU |
| 082 #4 - NÚMERO DE CLASIFICACIÓN DECIMAL DE DEWEY | |
| Classification number | 813.5 |
| Item number | F533c 2005 |
| Edition number | 22 |
| 100 1# - ASIENTO PRINCIPAL -- NOMBRE PERSONAL | |
| Nombre personal | Fisher, Robert |
| 240 10 - TITULO UNIFORME | |
| Título uniforme | Knight in rusty armor |
| Idioma de una obra | Español. |
| 245 13 - MENCIÓN DE TITULO | |
| Título | El caballero de la armadura oxidada / |
| Mención de responsabilidad | Robert Fisher ; traducción Verónica d'Ornellas Radziwill. |
| 250 ## - MENCIÓN DE EDICION | |
| Mención de edición | 24a ed. |
| 260 ## - PUBLICACIÓN, DISTRIBUCIÓN, ETC. (PIE DE IMPRENTA) | |
| Lugar de publicación, distribución, etc | Buenos Aires, Argentina : |
| Nombre del editor, distribuidor, etc. | Edicione Obelisco, |
| Fecha de publicación, distribución, etc | 2005 |
| 300 ## - DESCRIPCIÓN FÍSICA | |
| Extensión | 108 p. : |
| Otros detalles físicos | il. ; |
| Dimensiones | 21 cm. |
| 490 0# - MENCIÓN DE SERIES | |
| Mención de serie | Nueva consciencia |
| 590 ## - NOTA LOCAL | |
| Texto de la nota local | Inventariado,2025/VM |
| 650 #4 - ENCABEZAMIENTO DE MATERIA--TEMÁTICO | |
| Término temático o nombre geográfico como elemento de entrada | Novela estadounidenses |
| 650 #4 - ENCABEZAMIENTO DE MATERIA--TEMÁTICO | |
| Término temático o nombre geográfico como elemento de entrada | Conducta (Ética) |
| Subdivisión de forma | Novela |
| 700 1# - ASIENTO SECUNDARIO -- NOMBRE PERSONAL | |
| Nombre personal | D'Ornellas Radziwill, Verónica, |
| Fecha de una obra | traductor |
| 910 ## - VALIDACIÓN | |
| Validación | VMateo V. Control de calidad. BPMSU |
| 942 ## - ADDED ENTRY ELEMENTS (KOHA) | |
| Source of classification or shelving scheme | Dewey Decimal Classification |
| Koha item type | Libros |
| Withdrawn status | Lost status | Source of classification or shelving scheme | Damaged status | Not for loan | Collection code | Home library | Current library | Date acquired | Source of acquisition | Total Checkouts | Full call number | Barcode | Date last seen | Price effective from | Koha item type |
|---|---|---|---|---|---|---|---|---|---|---|---|---|---|---|---|
| Dewey Decimal Classification | Colección Juvenil General | Biblioteca Pública Metropolitana Salomé Ureña | Biblioteca Pública Metropolitana Salomé Ureña | 06/07/2016 | Laura García | BPMSU CJG 813.5 F533c 2005 | BPMSU16060084 | 06/07/2016 | 06/07/2016 | Libros |